A zsidóság háromszáz éve Léván megőrizni a még fellelhető emlékeket

Bibliographic Details
Main Author: Valkó, Ildikó (Author)
Format: Article
Language:Hungarian
Subjects:

MARC

LEADER 00000nab a2200000 a 4500
001 vtls000805985
003 SK-MaSNL
005 20260318123723.0
008 160405c2002 xo 0 hun
015 |a SNBRB2002/09-27711 
035 |a CLN000157640 
040 |a SNKBUCL  |b slo  |c SNKBUCL  |e AACR2 
041 0 |a hun 
044 |a xo  |c SK 
080 |a 943.76(=924)  |2 1997 
080 |a 908.437.6  |2 1997 
100 1 |a Valkó, Ildikó  |4 aut  |9 570584 
245 1 0 |a A zsidóság háromszáz éve Léván  |b megőrizni a még fellelhető emlékeket  |c Valkó Ildikó 
300 |b Fotogr. 
650 0 7 |a Židia  |2 snkbucl  |9 3760 
650 0 7 |a dejiny miest  |2 SNKPH  |9 164833 
651 7 |a Levice (Slovensko)  |2 snkbucl  |9 55713 
655 7 |a články z novín a časopisov  |2 snkbucl  |9 267496 
773 0 |x 1335-6631  |t Szabad újság  |g Roč. 10, č. 32 (2002), s. 7 
850 |a Slovenská národná knižnica v Martine 
852 |a SNK  |b KIS3GCP 
958 |a HU 
958 |a SK 
958 |a RBX 
999 |c 2653521  |d 2655451